| 000 | 00567nam a2200193Ia 4500 | ||
|---|---|---|---|
| 005 | 20250508162112.0 | ||
| 008 | 008 250505s9999 xx 000 0 hin d | ||
| 037 | _aBooks to be hide in OPAC | ||
| 040 |
_aFEDL _beng _cFEDL |
||
| 041 |
_ahin _2hin |
||
| 084 |
_a658, MIT/O _qFEDL |
||
| 100 |
_aMital R P _9769160 |
||
| 245 | 0 | _aBhartiya company saniyam eav sachiviya karya-vidhi | |
| 260 |
_aAgra, India _bNavyug Sahitya Sadan _c1961 |
||
| 300 | _a281p. | ||
| 700 |
_a Aggarwal B N _9772306 |
||
| 942 |
_cHB _h658, MIT/O |
||
| 999 |
_c1374391 _d1374391 |
||